Statistics for Toronto City Quiz

Click here to take the quiz!

General Stats

  • This quiz has been taken 27 times
  • The average score is 6 of 11

Answer Stats

Hint Answer % Correct
What province is Toronto the capital of?Ontario
100%
What tower was once the world's tallest free-standing structure?CN Tower
96%
What is the name of Toronto's NHL team?Toronto Maple Leafs
71%
What mayor gained notoriety when he was caught smoking crack cocaine in 2013?Rob Ford
58%
What is the three-letter airport code of Toronto's international airport?YYZ
58%
What rapper can often be seen courtside at Toronto Raptors games?Drake
46%
What was the former name of Toronto from its founding until 1834?York
42%
During what war was the city captured by the U.S. forces?War of 1812
33%
Name one of Toronto's three most populous suburbs.Mississauga, Brampton,
or Markham
33%
What region, anchored by Toronto, comprises 21% of Canada's population?Golden {Horseshoe}
25%
Other than English, what is the most common native language of Toronto residents?Cantonese
17%

Score Distribution

Percentile by Number Answered

Percent of People with Each Score

Your Score History

You have not taken this quiz